El capitán veneno

Uloženo v:
Podrobná bibliografie
Hlavní autor: Alarcón, Pedro Antonio de (Autor)
Médium: Kniha
Jazyk:španělština
Vydáno: Buenos Aires Sopena 1942
Vydání:7a. ed
Edice:Ediciones de lujo
Témata:
Tagy: Přidat tag
Žádné tagy, Buďte první, kdo vytvoří štítek k tomuto záznamu!

MARC

LEADER 00000nam a2200000 a 4500
001 UCH7145
003 CL-VaPUC
008 091109e19420000AG |||||||||||||||||spa|d
082 0 4 |a 863  |b ALA  |2 21 
100 0 |a Alarcón, Pedro Antonio de  |e author  |9 348482 
245 1 3 |a El capitán veneno 
250 |a 7a. ed 
300 |a 142 p 
942 |c BK 
945 |d 20091109 00:00:00  |a lazolas 
260 |a Buenos Aires  |b Sopena  |c 1942 
650 0 |a Novelas españolas  |9 265052 
583 |a last modification  |c 20091109 00:00:00  |k Rodrigo Vera 
490 0 |a Ediciones de lujo 
999 |c 337839  |d 337837